001840000a220007300045001000031000002450008000313000045000397730026000841 aCuervo Vázquez, Georgina10aEva aVol. 3, Núm 14 (1991), Páginas 26-270 tImpacto Presbiteriano